000 00563cam a2200145 4500500
005 20251012032641.0
041 _afre
042 _adc
100 1 0 _aMotoret, Laurence
_eauthor
245 0 0 _aMathias Lavin, La Parole et le lieu. Le cinéma selon Manoel de Oliveira, Presses universitaires de Rennes, collection « Le spectaculaire », 2008, 300 pages.
260 _c2009.
500 _a57
786 0 _nSigila | 24 | 2 | 2009-12-20 | p. 182-184 | 1286-1715
856 4 1 _uhttps://shs.cairn.info/revue-sigila-2009-2-page-182?lang=fr&redirect-ssocas=7080
999 _c1547974
_d1547974